000 00994nmc a2200361 a 4500
003 AR-BaBNM
005 20251128204933.0
008 011101s1996 ||||||||||||||000 | spa||
020 _a950-02-5815-3
040 _cAR-BaBNM
245 1 0 _aNivel inicial
_baportes para una didáctica
250 _a1ª ed.
260 _aBuenos Aires
_bEl Ateneo
_c1996
300 0 _a195 p.
490 0 _aNuevos aires en educación
504 _aBibliografía: p. 190-195
650 4 _aDIDACTICA
650 4 _aTEORIAS DEL APRENDIZAJE
650 4 _aPROCESO DE APRENDIZAJE
650 4 _aJUEGOS INFANTILES
650 4 _aJUEGOS EDUCATIVOS
653 0 _aJARDINES DE INFANTES
653 0 _aJARDINES MATERNALES
653 0 _aNINOS DE JARDIN DE INFANTES
700 1 _aHarf, Ruth
700 1 _aPastorino, Elvira
700 1 _aSarlé, Patricia
700 1 _aSpinelli, Alicia
700 1 _aViolante, Rosa
700 1 _aWindler, Rosa
800 1 _aPerricone, Graciela
_ecoordinador
942 _cBK
999 _c9408
_d9408